000 00291nam a22001337a 4500
008 170526b xxu||||| |||| 00| 0 eng d
020 _a9780076625529
041 _aeng
080 _a62
100 _a26
101 _aIM
245 _aENGINEERING TECHNOLOGY
_cBRUSIC,SH.A
942 _2udc
_cBK
999 _c14367
_d14367